000 01436nam0a2200385 4500
001 RU\NLR\bibl\322107
005 20250621142941.0
010 _a5-86166-065-4
_9990
021 _aRU
_b2002-31006
_91538
035 _a(NLR Aleph) 000317137
090 _a74024
_c74024
100 _a20021008d2002 |||y0rusy50 ca
101 0 _arus
102 _aRU
105 _aa |||||||||
200 1 _aХирургическая тактика при острой патологии органов брюшной полости
_eКрат. практ. рук.
_fС. А. Варзин, А. К. Ушкац
210 _aСПб.
_cКонус
_d2002
215 _a125, [2] с.
_cил.
_d21
320 _aБиблиогр.: с. 113-114. Библиогр. в конце гл.
606 0 _aОстрые брюшные заболевания
_jРуководства, пособия и т.п
_xХирургическое лечение
_91802282
_3RU\NLR\AUTH\66812109
610 0 _aБрюшная полость - Хирургия
675 _a616.381-089
_v3
_zrus
686 _a76.29
_2rugasnti
686 _a54.57
_2rubbk
686 1 _aР457.465-32я7
686 1 _aР457.463.054я7
700 1 _aВарзин
_bС. А.
_4070
701 1 _aУшкац
_bА. К.
_4070
801 0 _aRU
_bRKP
_c20021008
_gPSBO
801 1 _aRU
_bRKP
_c20021008
801 2 _aRU
_bNLR
_c20021104
_grcr
942 _cBOOK
980 _aNB